[Event "RUS-Cup"]
[Site "Krasnoyarsk"]
[Date "1998.??.??"]
[Round "8"]
[White "Lykov, Vasili"]
[Black "Lependin, V."]
[Result "0-1"]
[WhiteElo "2250"]
[BlackElo "2395"]
[PlyCount "104"]
[EventDate "1998.??.??"]
[EventType "swiss"]
[EventRounds "9"]
[EventCountry "RUS"]
[SourceTitle "EXT 2000"]
[Source "ChessBase"]
[SourceDate "1999.11.16"]
[SourceVersion "1"]
[SourceVersionDate "1999.11.16"]
[SourceQuality "1"]

1. e4 c5 2. c3 e6 3. d4 d5 4. e5 Nc6 5. Nf3 Nge7 6. a3 Nf5 7. b4 cxd4 8. cxd4 Nh4 9. Nbd2 Nxf3+ 10. Nxf3 Be7 11. Bd3 Bd7 12. 0-0 Qb6 13. Be3 a6 14. Qe2 Na7 15. Rfc1 Bb5 16. h4 h6 17. g4 Nc6 18. Qd2 Bxd3 19. Qxd3 h5 20. g5 g6 21. Rab1 Kd7 22. Nd2 Qb5 23. Qf1 Qxf1+ 24. Kxf1 Na7 25. Nb3 b6 26. Bd2 Rhc8 27. Ke2 Rc4 28. Rxc4 dxc4 29. Na1 b5 30. Nc2 Nc6 31. Ke3 Bd8 32. Ke4 Bb6 33. Bc3 Ne7 34. Ne3 Kc6 35. Ra1 a5 36. a4 Nd5 37. axb5+ Kxb5 38. Nxd5 exd5+ 39. Ke3 a4 40. Ra3 Bd8 41. f4 Be7 42. Ra1 a3 43. f5 a2 44. e6 fxe6 45. fxg6 Bxb4 46. Kd2 e5 47. Kc2 Bxc3 48. Kxc3 exd4+ 49. Kb2 d3 50. g7 Kb4 51. Rxa2 c3+ 52. Ka1 d2 0-1